Economic Growth and Development Final Quiz Stats

 Plays Quiz not verified by Sporcle

Challenge
Share
Tweet
Embed
Score 0/38 Timer 10:00
0 Plays Today
% Correct
???
100%
???
31.8%
???
27.3%
???
27.3%
???
27.3%
???
27.3%
???
27.3%
???
27.3%
???
22.7%
???
22.7%
???
22.7%
???
22.7%
???
22.7%
???
22.7%
???
22.7%
???
22.7%
???
22.7%
???
22.7%
???
22.7%
% Correct
???
22.7%
???
18.2%
???
18.2%
???
18.2%
???
18.2%
???
18.2%
???
18.2%
???
18.2%
???
18.2%
???
18.2%
???
18.2%
???
18.2%
???
18.2%
???
18.2%
???
18.2%
???
18.2%
???
18.2%
???
18.2%
???
18.2%

You're not logged in!

Compare scores with friends on all Sporcle quizzes.
OR
Log In

You Might Also Like...

Show Comments

Extras

Top Quizzes Today


Score Distribution

Your Account Isn't Verified!

In order to create a playlist on Sporcle, you need to verify the email address you used during registration. Go to your Sporcle Settings to finish the process.

Report this User

Report this user for behavior that violates our Community Guidelines.

Details: